| 000 | 00447nam a22001337a 4500 | ||
|---|---|---|---|
| 040 | _cNUST | ||
| 082 | _a200 THE | ||
| 100 |
_aAZHAR MAHMOOD, _9108208 |
||
| 110 |
_aDR ABDUL WAHEED BADAR _9108209 |
||
| 245 | _aTH-SOF-0875-MODELING STARVATION EFFECTS IN PISTON SKIRT’S ELASTOHYDRODYNAMIC LUBRICATION AT INITIAL ENGINE START UP CONDITIONS | ||
| 260 |
_aISLAMABAD: _bNUST COLLEGE OF EME, _c2013. |
||
| 650 |
_aMS-MECH-60 _991329 |
||
| 942 |
_2ddc _cTHE |
||
| 999 |
_c593069 _d593069 |
||